| 000 | 01787nam a22004217a 4500 | ||
|---|---|---|---|
| 003 | CHAP | ||
| 005 | 20220329143815.0 | ||
| 008 | 110914s2011 mx r 00010 spa d | ||
| 010 | _a102111 | ||
| 011 | _a103083 | ||
| 035 | _a113772 | ||
| 040 | _cCHAP | ||
| 090 | _aTesis | ||
| 100 | 1 |
_aPeralta Solabac, María Sandra. _987049 |
|
| 245 | 1 | 0 |
_aInnovación tecnológica agroforestal para la seguridad alimentaria y producción sostenible del insumo para biodisel en base de Jatropha curcas y frijol en temporal de Sánchez, Ver, Méx. _h[En línea] _c/por María Sandra Peralta Solabac |
| 260 |
_aChapingo, Méx. : _bEl autor, _c2011 |
||
| 500 | _aPara ver el contenido del material haga clic en la liga | ||
| 502 | _aTesis (M.C. en Agroforestería para el Desarrollo Sostenible) -- UACH. Departamento de Suelos | ||
| 590 |
_aALEPH _b10 _c20130110 _lUCH01 _h1542 |
||
| 590 |
_aBATCH-UPD _b10 _c20130110 _lUCH01 _h1335 |
||
| 590 |
_aBATCH-UPD _b10 _c20130410 _lUCH01 _h0839 |
||
| 590 |
_aBATCH-UPD _b10 _c20130913 _lUCH01 _h2214 |
||
| 590 |
_aBATCH-UPD _b10 _c20130914 _lUCH01 _h1443 |
||
| 590 |
_aBATCH-UPD _b10 _c20140324 _lUCH01 _h1527 |
||
| 590 |
_aBATCH-UPD _b10 _c20141002 _lUCH01 _h0851 |
||
| 590 |
_aCONVERSION _b10 _c20130109 _lUCH01 _h1356 |
||
| 650 | 1 | 4 |
_aAgricultura _xInnovaciones tecnológicas. _91565 |
| 650 | 1 | 4 |
_aAgroforestería _zVeracruz. _92181 |
| 650 | 1 | 4 |
_aBiocarburante. _912716 |
| 650 | 1 | 4 |
_aCombustibles. _925554 |
| 650 | 1 | 4 |
_aFrijol _xSubproductos. _943437 |
| 650 | 1 | 4 |
_aJatropha curcas. _961233 |
| 856 |
_3Finding aid _uhttp://10.13.5.2/tesis/113772.pdf _zTeclea aqui |
||
| 901 | _aBK | ||
| 942 | _cFOLL | ||
| 949 |
_aTesis _bBC _cTES _d33724002303330 _eTS1 _gDonaciØn _h52739 _i113772 _st |
||
| 949 |
_aTesis _bBC _cTES _d33724002303371 _eTS2 _fc.2 _gDonaciØn _h52740 _i113772 _st |
||
| 999 |
_c102111 _d102111 |
||